| Tag |
First Indicator |
Second Indicator |
Subfields |
| LEADER |
00000cam a22000001a 4500 |
| 001 |
in00002168621 |
| 006 |
m e d # |
| 007 |
cr mn mmmmabba |
| 008 |
870916m17921793pau s 000 0 eng d |
| 005 |
20260331153349.9 |
| 035 |
|
|
|z w023409
|
| 035 |
|
|
|a MAAR8709163904B
|
| 035 |
|
|
|9 mwa91-15573
|
| 035 |
|
|
|a 342862
|
| 035 |
|
|
|a aas03023409
|
| 040 |
|
|
|a MWA
|c MWA
|e bdrb
|d UtOrBLW
|
| 110 |
1 |
|
|a Pennsylvania.
|b General Assembly.
|b House of Representatives.
|
| 245 |
1 |
0 |
|a Journal of the first session of the third House of Representatives of the Commonwealth of Pennsylvania :
|b which commenced at Philadelphia, on Tuesday, the fourth day of December, in the year of our Lord one thousand seven hundred and ninety-two.
|
| 264 |
|
3 |
|a Philadelphia :
|b Printed by Francis Bailey and Thomas Lang,
|c MDCCXCII. [1792-1793]
|
| 300 |
|
|
|a 386, 22, 23 pages, 1 unnumbered page ;
|c (folio)
|
| 336 |
|
|
|a text
|b txt
|2 rdacontent
|
| 337 |
|
|
|a computer
|b c
|2 rdamedia
|
| 338 |
|
|
|a online resource
|b cr
|2 rdacarrier
|
| 500 |
|
|
|a Through Apr. 11, 1793.
|
| 500 |
|
|
|a Coat of arms on title page.
|
| 500 |
|
|
|a "(Appendix.) Accounts of the Treasury of Pennsylvania: from the first of October, to the 31st of December 1792, both days inclusive."--22 pages, 2nd count, with separate title page, dated 1793.
|
| 500 |
|
|
|a "(Appendix.) Report of the register-general, of the state of the finances of Pennsylvania, for the year 1792. To the Honorable Legislature."--23 pages, 3rd count, with separate title page, dated 1793.
|
| 510 |
4 |
|
|a Evans
|c 25974
|
| 530 |
|
|
|a Microform version available in the Readex Early American Imprints series.
|
| 533 |
|
|
|a Electronic text and image data.
|b [Chester, Vt. :
|c Readex, a division of Newsbank, Inc.,
|d 2002-2004.
|e Includes files in TIFF, GIF and PDF formats with inclusion of keyword searchable text.
|f (Early American imprints. First series ; no. 25974).
|
| 500 |
|
|
|a Electronic resource.
|
| 650 |
|
0 |
|a Finance, Public
|z Pennsylvania.
|
| 710 |
1 |
|
|a Pennsylvania.
|b Treasury.
|
| 710 |
1 |
|
|a Pennsylvania.
|b Register-General's Office.
|
| 752 |
|
|
|a United States
|b Pennsylvania
|d Philadelphia.
|
| 830 |
|
0 |
|a Early American imprints.
|n Series I,
|p Evans (1639-1800) ;
|v no. 25974.
|
| 856 |
4 |
1 |
|u http://proxy.library.tamu.edu/login?url=https://opac.newsbank.com/select/evans/25974
|y Evans Digital Edition
|t 0
|
| 999 |
|
|
|a MARS
|
| 999 |
f |
f |
|s 4f0443da-1809-331d-bad9-90b62bb553f2
|i b187be8a-871b-30bc-9958-b57f98984f36
|t 0
|
| 952 |
f |
f |
|a Texas A&M University
|b College Station
|c Electronic Resources
|s www_evans
|d Available Online
|t 0
|h No information provided
|
| 998 |
f |
f |
|t 0
|l Available Online
|